NHL Captains Quiz (2017-18) - Statistics

General Stats
  • This quiz has been taken 222 times
  • The average score is 17 of 31
Answer Stats
Team Answer % Correct
Anaheim Ducks Ryan Getzlaf
90%
Edmonton Oilers Connor McDavid
84%
Boston Bruins Zdeno Chara
80%
Chicago Blackhawks Jonathan Toews
77%
Dallas Stars Jamie Benn
73%
Colorado Avalanche Gabriel Landeskog
71%
Los Angeles Kings Anze Kopitar
68%
Carolina Hurricanes Justin Faulk/Jordan Staal
65%
Pittsburgh Penguins Sidney Crosby
61%
Calgary Flames Mark Giordano
59%
Nashville Predators Roman Josi
59%
Detroit Red Wings Henrik Zetterberg
54%
New York Islanders John Tavares
52%
Washington Capitals Alexander Ovechkin
51%
Minnesota Wild Mikko Koivu
50%
Philadelphia Flyers Claude Giroux
48%
Columbus Blue Jackets Nick Foligno
48%
Arizona Coyotes None
48%
Buffalo Sabres None
48%
New York Rangers None
48%
Toronto Maple Leafs None
48%
Vancouver Canucks None
48%
Vegas Golden Knights None
48%
Tampa Bay Lightning Steven Stamkos
44%
Ottawa Senators Erik Karlsson
41%
Winnipeg Jets Blake Wheeler
39%
Montreal Canadiens Max Pacioretty
39%
San Jose Sharks Joe Pavelski
37%
St. Louis Blues Alex Pietrangelo
33%
New Jersey Devils Andy Greene
33%
Florida Panthers Derek MacKenzie
16%
No matching quizzes found
Score Distribution
Percent of People with Each Score
Percentile by Number Answered
Your Score History
You have not taken this quiz